000 00204 a2200109 4500
020 _a9789681645434
041 _aspa
100 _aMartin, Ann
245 _aMa y pa Dracula
942 _cBK
952 _71
999 _c18017
_d18017